Các môn cơ sở - Hóa sinh thực phẩm
Gorde:
| Formatua: | Liburua |
|---|---|
| Hizkuntza: | Undetermined |
| Argitaratua: |
Paris
1996
|
| Etiketak: |
Etiketa erantsi
Etiketarik gabe, Izan zaitez lehena erregistro honi etiketa jartzen!
|
| Thư viện lưu trữ: | Trung tâm Học liệu Trường Đại học Cần Thơ |
|---|
| LEADER | 00373nam a2200133Ia 4500 | ||
|---|---|---|---|
| 001 | CTU_23440 | ||
| 008 | 210402s9999 xx 000 0 und d | ||
| 082 | |a 660.63 | ||
| 082 | |b B615 | ||
| 245 | 0 | |a Các môn cơ sở - Hóa sinh thực phẩm | |
| 260 | |a Paris | ||
| 260 | |c 1996 | ||
| 904 | |i Sáng, 980421 | ||
| 980 | |a Trung tâm Học liệu Trường Đại học Cần Thơ | ||